13 Original United States Colonies on a Map - Statistics

General Stats
  • This quiz has been taken 2,350 times
  • The average score is 11 of 13
Answers on the Map
Answers color-coded by a green-red scale on the quiz's map according to % correct below.
 
Answer Stats
Colony % Correct
New York
92%
Virginia
85%
North Carolina
84%
Rhode Island
83%
South Carolina
83%
Maryland
82%
Massachusetts
82%
New Jersey
82%
Delaware
81%
Georgia
80%
Pennnsylvania
76%
Connecticut
75%
New Hampshire
74%
No matching quizzes found
Score Distribution
Percent of People with Each Score
Percentile by Number Answered
Your Score History
You have not taken this quiz